[Event "FIDE Open World Blitz 2021"]
[Site "Warsaw"]
[Date "2021.12.29"]
[Round "6.15"]
[White "Niemann, Hans Moke"]
[Black "Oparin, Grigoriy"]
[Result "0-1"]
[WhiteElo "2635"]
[BlackElo "2580"]
[Annotator "ChessBase"]
[PlyCount "87"]
[EventDate "2021.12.29"]
[EventType "swiss"]
[EventCountry "POL"]
[Tiebreak "Cut1 Buchholz"]
[SourceTitle "playchess.com"]
[Source "ChessBase"]
[SourceQuality "1"]

1. d4 Nf6 2. Nc3 d5 3. Bf4 e6 4. Nb5 Na6 5. e3 Be7 6. h3 O-O 7. Nf3 c6 8. Nc3
c5 9. Nb5 Bd7 10. c3 Qb6 11. a4 c4 12. Qc2 Bxb5 13. axb5 Nc7 14. g4 Nxb5 15.
Ne5 Rad8 16. g5 Nd7 17. h4 Nxe5 18. dxe5 a6 19. h5 Na7 20. g6 f5 21. gxh7+ Kxh7
22. Rg1 Rde8 23. Rg6 Bd8 24. Bh3 Nc6 25. Rxe6 Rxe6 26. Bxf5+ Kh8 27. Bxe6 Nxe5
28. Bf5 Qf6 29. Bg6 Bc7 30. O-O-O Nd3+ 31. Bxd3 cxd3 32. Qxd3 Bxf4 33. exf4
Qxf4+ 34. Kb1 Rf5 35. Re1 Kg8 36. Re2 Qf3 37. Qd2 Qxh5 38. Qe1 Rf8 39. Ka1 Qf5
40. Qd2 b5 41. Qd4 a5 42. Re7 Rf7 43. Re8+ Rf8 44. Rxf8+ 0-1

[Event "FIDE Open World Blitz 2021"]
[Site "Warsaw"]
[Date "2021.12.29"]
[Round "6.15"]
[White "Bologan, Victor"]
[Black "Vastrukhin, Oleg"]
[Result "1-0"]
[WhiteElo "2574"]
[BlackElo "2588"]
[Annotator "ChessBase"]
[PlyCount "95"]
[EventDate "2021.12.29"]
[EventType "swiss"]
[EventCountry "POL"]
[Tiebreak "Cut1 Buchholz"]
[SourceTitle "playchess.com"]
[Source "ChessBase"]
[SourceQuality "1"]

1. e4 e6 2. d4 d5 3. Nc3 Bb4 4. e5 c5 5. a3 Bxc3+ 6. bxc3 Nc6 7. Nf3 Bd7 8. h4
Qa5 9. Bd2 c4 10. h5 O-O-O 11. a4 f5 12. h6 gxh6 13. Qc1 Be8 14. Qa3 Bg6 15.
Bxh6 Nxh6 16. Rxh6 f4 17. Kd1 Qc7 18. a5 a6 19. Qc5 Ne7 20. Qxc7+ Kxc7 21. Ng5
Kd7 22. Rb1 b5 23. axb6 Nf5 24. Rh1 Rb8 25. Be2 a5 26. Nh3 Kc6 27. Nxf4 Rhe8
28. g4 Ng7 29. Nxg6 hxg6 30. Rh6 a4 31. Rxg6 Re7 32. Rb4 Rxb6 33. Rxa4 Rb1+ 34.
Kd2 Rg1 35. f4 Kb5 36. Rb4+ Ka5 37. Rb8 Ne8 38. f5 exf5 39. gxf5 Rxg6 40. fxg6
Ng7 41. Bf3 Rd7 42. Rf8 Ne6 43. Rf7 Rd8 44. Rf6 Ng5 45. Bg2 Kb5 46. Rd6 Rg8 47.
Bxd5 Rg7 48. Rf6 1-0

[Event "FIDE Open World Blitz 2021"]
[Site "Warsaw"]
[Date "2021.12.29"]
[Round "6.16"]
[White "Dziuba, Marcin"]
[Black "Alonso Rosell, Alvar"]
[Result "1-0"]
[WhiteElo "2568"]
[BlackElo "2580"]
[Annotator "ChessBase"]
[PlyCount "99"]
[EventDate "2021.12.29"]
[EventType "swiss"]
[EventCountry "POL"]
[Tiebreak "Cut1 Buchholz"]
[SourceTitle "playchess.com"]
[Source "ChessBase"]
[SourceQuality "1"]

1. d4 f5 2. Nf3 Nf6 3. g3 e6 4. Bg2 Be7 5. c4 O-O 6. Nc3 Ne4 7. Nxe4 fxe4 8.
Nd2 d5 9. O-O Nc6 10. e3 Bg5 11. f4 exf3 12. Nxf3 Bf6 13. b3 dxc4 14. Ba3 Be7
15. Bxe7 Qxe7 16. bxc4 e5 17. Qb3 exd4 18. exd4 Bg4 19. Rae1 Qd7 20. c5+ Kh8
21. Ng5 Qxd4+ 22. Kh1 h6 23. Nf7+ Kh7 24. Qxb7 Nb4 25. Qe4+ Qxe4 26. Bxe4+ Kg8
27. Bxa8 Rxa8 28. Ne5 Bh3 29. Rf3 Nc2 30. Rc1 Nd4 31. Rd3 Ne6 32. Kg1 Bf5 33.
Re3 Rb8 34. Nc6 Rb2 35. Ne7+ Kf7 36. Nxf5 Ng5 37. Kf1 Rxh2 38. Rce1 Kf6 39. Nd4
Nh3 40. Rf3+ Kg6 41. Ne6 Rh1+ 42. Ke2 Ng1+ 43. Ke3 Nxf3 44. Rxh1 Ne5 45. Nxc7
Kf5 46. Nb5 a6 47. Nd4+ Kg4 48. c6 Kxg3 49. Rg1+ Kh2 50. Rxg7 1-0

[Event "FIDE Open World Blitz 2021"]
[Site "Warsaw"]
[Date "2021.12.29"]
[Round "6.16"]
[White "Teclaf, Pawel"]
[Black "Sarana, Alexey"]
[Result "0-1"]
[WhiteElo "2543"]
[BlackElo "2656"]
[Annotator "ChessBase"]
[PlyCount "62"]
[EventDate "2021.12.29"]
[EventType "swiss"]
[EventCountry "POL"]
[Tiebreak "Cut1 Buchholz"]
[SourceTitle "playchess.com"]
[Source "ChessBase"]
[SourceQuality "1"]

1. c4 Nf6 2. Nf3 c6 3. Nc3 d5 4. e3 g6 5. Be2 Bg7 6. O-O O-O 7. d4 a6 8. b3 Bf5
9. Ba3 Nbd7 10. Rc1 Re8 11. Nh4 Be6 12. Qd2 b5 13. cxd5 cxd5 14. Rfd1 Qb6 15.
Qe1 Rac8 16. Bb4 a5 17. Ba3 b4 18. Na4 Qd6 19. Bb2 Ne4 20. Nf3 Ndf6 21. Rxc8
Rxc8 22. Rc1 Ng4 23. Rxc8+ Bxc8 24. Qc1 Bd7 25. Nc5 Ngxf2 26. Nxd7 Qxd7 27. Ne5
Qf5 28. Qc2 Bh6 29. Bc1 f6 30. g4 Nh3+ 31. Kh1 Nef2+ 0-1

[Event "FIDE Open World Blitz 2021"]
[Site "Warsaw"]
[Date "2021.12.29"]
[Round "6.17"]
[White "Gabuzyan, Hovhannes"]
[Black "Holm, Kristian Stuvik"]
[Result "0-1"]
[WhiteElo "2580"]
[BlackElo "2471"]
[Annotator "ChessBase"]
[PlyCount "95"]
[EventDate "2021.12.29"]
[EventType "swiss"]
[EventCountry "POL"]
[Tiebreak "Cut1 Buchholz"]
[SourceTitle "playchess.com"]
[Source "ChessBase"]
[SourceQuality "1"]

1. Nf3 d5 2. g3 g6 3. Bg2 Bg7 4. O-O Nf6 5. c4 c6 6. d4 O-O 7. Qb3 a5 8. cxd5
a4 9. Qa3 cxd5 10. Nc3 Nc6 11. b4 Ne4 12. Be3 Bg4 13. Rfd1 Nxc3 14. Qxc3 Na7
15. h3 Bxf3 16. Bxf3 Qd7 17. Rac1 Rfc8 18. Qd3 e6 19. Bd2 Nb5 20. e3 Nd6 21.
Be1 f5 22. Rc5 b6 23. Rxc8+ Rxc8 24. Qa6 Qb5 25. Qxb5 Nxb5 26. Be2 Nc3 27. Bxc3
Rxc3 28. Bb5 a3 29. Rb1 Rc2 30. Ra1 Bf8 31. Ba4 Rb2 32. b5 Bb4 33. Kf1 Kf7 34.
Bd1 Ke7 35. Ba4 Kd7 36. h4 Ba5 37. Kg2 Rd2 38. Bb3 Rd3 39. Rc1 Rc3 40. Rd1 Rxb3
41. axb3 Bc3 42. Kf3 a2 43. Kf4 a1=Q 44. Rxa1 Bxa1 45. Kg5 Ke7 46. Kh6 Kf7 47.
Kxh7 Bxd4 48. exd4 0-1

[Event "FIDE Open World Blitz 2021"]
[Site "Warsaw"]
[Date "2021.12.29"]
[Round "6.17"]
[White "Quparadze, Giga"]
[Black "Muradli, Mahammad"]
[Result "0-1"]
[WhiteElo "2475"]
[BlackElo "2571"]
[Annotator "ChessBase"]
[PlyCount "94"]
[EventDate "2021.12.29"]
[EventType "swiss"]
[EventCountry "POL"]
[Tiebreak "Cut1 Buchholz"]
[SourceTitle "playchess.com"]
[Source "ChessBase"]
[SourceQuality "1"]

1. e4 c5 2. Nf3 d6 3. d4 cxd4 4. Nxd4 e6 5. Nc3 a6 6. g4 Ne7 7. h4 Nec6 8. Nb3
b5 9. Bg2 Bb7 10. Ne2 Nd7 11. h5 h6 12. Ng3 Be7 13. O-O Nde5 14. a4 Bh4 15. Kh2
Nc4 16. Nd4 Qb6 17. Nxc6 Bxc6 18. b3 Bf6 19. Ra2 Ne5 20. f4 Nd7 21. axb5 axb5
22. Rxa8+ Bxa8 23. Re1 Bc3 24. Re3 b4 25. Rd3 Ke7 26. Be3 Qc7 27. Bd4 Bxd4 28.
Rxd4 Rc8 29. Rd2 Nf6 30. g5 hxg5 31. fxg5 Nd7 32. h6 gxh6 33. gxh6 Rh8 34. Qh5
Qc3 35. Rf2 Nf6 36. Qg5 Rxh6+ 37. Bh3 Rg6 38. Qh4 Qe5 39. Rf4 Bxe4 40. Nxe4 d5
41. Ng3 Kd7 42. Rf2 Ne4 43. Rxf7+ Kc6 44. Rf3 Ng5 45. Rf4 Qe3 46. Bg2 Qd2 47.
Nf1 Nf3+ 0-1

[Event "FIDE Open World Blitz 2021"]
[Site "Warsaw"]
[Date "2021.12.29"]
[Round "6.18"]
[White "Hovhannisyan, Robert"]
[Black "Kadric, Denis"]
[Result "0-1"]
[WhiteElo "2622"]
[BlackElo "2566"]
[Annotator "ChessBase"]
[PlyCount "118"]
[EventDate "2021.12.29"]
[EventType "swiss"]
[EventCountry "POL"]
[Tiebreak "Cut1 Buchholz"]
[SourceTitle "playchess.com"]
[Source "ChessBase"]
[SourceQuality "1"]

1. e4 d6 2. d4 Nf6 3. Nc3 e5 4. dxe5 dxe5 5. Qxd8+ Kxd8 6. Bc4 Ke8 7. Bd2 c6 8.
f4 Nbd7 9. Nf3 Bd6 10. O-O-O Bc7 11. f5 b5 12. Bd3 Nc5 13. Be3 Nfd7 14. g4 Bb6
15. Rhe1 Ke7 16. h4 f6 17. a3 Nxd3+ 18. cxd3 h6 19. d4 exd4 20. Nxd4 Ne5 21.
Bf4 Bxd4 22. Rxd4 Nf3 23. Bd6+ Kf7 24. Rdd1 Nxe1 25. Rxe1 Bb7 26. Bc5 Rhe8 27.
Rg1 a5 28. Kc2 Rad8 29. g5 hxg5 30. hxg5 Rc8 31. g6+ Kg8 32. Rd1 b4 33. axb4
axb4 34. Na4 Rxe4 35. Rd7 Ba6 36. Bd6 Rce8 37. Nc5 Re2+ 38. Kb3 R2e3+ 39. Kxb4
Bc8 40. Rc7 Bxf5 41. Rxc6 Bxg6 42. Kb5 Bf7 43. b4 g5 44. Bc7 Kg7 45. Rd6 R8e7
46. Bd8 g4 47. Bxe7 Rxe7 48. Nd3 Re4 49. Nf2 Rf4 50. Nd3 Bc4+ 51. Kc5 Bxd3 52.
Rxd3 Rf3 53. Rd2 g3 54. b5 Rf2 55. Rd3 Rf5+ 56. Kc6 g2 57. Rg3+ Rg5 58. b6 Rxg3
59. b7 Rb3 0-1

[Event "FIDE Open World Blitz 2021"]
[Site "Warsaw"]
[Date "2021.12.29"]
[Round "6.18"]
[White "Sankalp, Gupta"]
[Black "Volokitin, Andrei"]
[Result "1-0"]
[WhiteElo "2323"]
[BlackElo "2656"]
[Annotator "ChessBase"]
[PlyCount "100"]
[EventDate "2021.12.29"]
[EventType "swiss"]
[EventCountry "POL"]
[Tiebreak "Cut1 Buchholz"]
[SourceTitle "playchess.com"]
[Source "ChessBase"]
[SourceQuality "1"]

1. e4 c5 2. Nf3 e6 3. d4 cxd4 4. Nxd4 Nc6 5. Nc3 Qc7 6. Be3 a6 7. g4 b5 8. Nxc6
Qxc6 9. Qd2 b4 10. Ne2 Qxe4 11. Rg1 Qc4 12. Nd4 Qc7 13. Bg2 Bb7 14. Bxb7 Qxb7
15. O-O-O Nf6 16. Ne2 Rc8 17. Kb1 Nd5 18. Bd4 Bc5 19. Bxg7 Rg8 20. Bd4 Bxd4 21.
Qxd4 Qb5 22. Nc1 Rc4 23. Qd3 Rcxg4 24. Rxg4 Rxg4 25. Qxh7 Ke7 26. Re1 a5 27.
Qh3 Qc4 28. Nd3 Re4 29. Rxe4 Qxe4 30. Qf1 a4 31. Qe1 Qg4 32. a3 bxa3 33. bxa3
Qc4 34. Qa5 d6 35. Qa7+ Kf6 36. Qa5 e5 37. Qd8+ Ke6 38. Qe8+ Ne7 39. Qb8 Nf5
40. Qb4 Qc6 41. Nb2 Nd4 42. Qxa4 Qh1+ 43. Ka2 Qxh2 44. Qc4+ d5 45. Qc8+ Ke7 46.
Nd3 Qh5 47. Qc7+ Ke6 48. Nc5+ Kf5 49. Qd7+ Kf4 50. Qxd5 Nf3 1-0

[Event "FIDE Open World Blitz 2021"]
[Site "Warsaw"]
[Date "2021.12.29"]
[Round "6.19"]
[White "Sanal, Vahap"]
[Black "Vidit, Santosh Gujrathi"]
[Result "0-1"]
[WhiteElo "2590"]
[BlackElo "2727"]
[Annotator "ChessBase"]
[PlyCount "60"]
[EventDate "2021.12.29"]
[EventType "swiss"]
[EventCountry "POL"]
[Tiebreak "Cut1 Buchholz"]
[SourceTitle "playchess.com"]
[Source "ChessBase"]
[SourceQuality "1"]

1. e4 e5 2. Nc3 Nf6 3. Bc4 Nc6 4. d3 Bb4 5. Nge2 d5 6. exd5 Nxd5 7. Bd2 Be6 8.
O-O O-O 9. a3 Be7 10. Nxd5 Bxd5 11. Nc3 Bxc4 12. dxc4 Qd7 13. Nd5 Rad8 14. Bc3
Bd6 15. Qe2 Rfe8 16. Rad1 Nd4 17. Qh5 c6 18. Ne3 g6 19. Qh4 Ne2+ 20. Kh1 Nxc3
21. bxc3 Qe7 22. Qh6 Bxa3 23. Rde1 f5 24. f4 Qg7 25. Qh4 exf4 26. Qxf4 Qxc3 27.
h4 Re4 28. Qg5 Be7 29. Qg3 Bxh4 30. Qc7 Rxe3 0-1

[Event "FIDE Open World Blitz 2021"]
[Site "Warsaw"]
[Date "2021.12.29"]
[Round "6.19"]
[White "Czarnota, Pawel"]
[Black "Peng, Li Min"]
[Result "0-1"]
[WhiteElo "2502"]
[BlackElo "2412"]
[Annotator "ChessBase"]
[PlyCount "106"]
[EventDate "2021.12.29"]
[EventType "swiss"]
[EventCountry "POL"]
[Tiebreak "Cut1 Buchholz"]
[SourceTitle "playchess.com"]
[Source "ChessBase"]
[SourceQuality "1"]

1. e4 Nc6 2. Nf3 d6 3. h3 Nf6 4. Nc3 g6 5. d4 Bg7 6. Be3 O-O 7. Be2 a6 8. a4 e5
9. d5 Na7 10. Qd2 Bd7 11. a5 Nb5 12. Nxb5 axb5 13. Qb4 Qe7 14. Nd2 c5 15. Qb3
Qd8 16. O-O Rxa5 17. c4 b4 18. Qd3 Ra6 19. Nb3 Ba4 20. Nxc5 dxc5 21. Bxc5 Re8
22. Bxb4 Qb6 23. Ba3 Qd4 24. Qxd4 exd4 25. f3 Nd7 26. c5 Raa8 27. Rfc1 Rec8 28.
f4 d3 29. Bxd3 Bd4+ 30. Kf1 Bxc5 31. e5 Bxa3 32. Rxc8+ Rxc8 33. Rxa3 Bc2 34.
Bb5 Nb6 35. d6 Bf5 36. g4 Be6 37. Ra7 Bd5 38. Kf2 Rc2+ 39. Ke3 Rxb2 40. Bd3 Rb4
41. Ra1 Bc6 42. f5 Nd5+ 43. Kd2 Rb2+ 44. Kc1 Rg2 45. Ra8+ Kg7 46. e6 fxe6 47.
fxe6 Nb4 48. Bc4 Rc2+ 49. Kd1 Rxc4 50. Ke2 Re4+ 51. Kf2 Rxe6 52. Rd8 Kf7 53. g5
Re8 0-1

[Event "FIDE Open World Blitz 2021"]
[Site "Warsaw"]
[Date "2021.12.29"]
[Round "6.20"]
[White "Kosakowski, Jakub"]
[Black "Amin, Bassem"]
[Result "0-1"]
[WhiteElo "2340"]
[BlackElo "2617"]
[Annotator "ChessBase"]
[PlyCount "170"]
[EventDate "2021.12.29"]
[EventType "swiss"]
[EventCountry "POL"]
[Tiebreak "Cut1 Buchholz"]
[SourceTitle "playchess.com"]
[Source "ChessBase"]
[SourceQuality "1"]

1. e4 e5 2. Nf3 Nc6 3. Bb5 a6 4. Ba4 Nf6 5. O-O Be7 6. d3 d6 7. c3 O-O 8. h3
Re8 9. Nbd2 Bf8 10. Re1 b5 11. Bc2 Bb7 12. Nf1 Nb8 13. Ng3 g6 14. Bg5 h6 15.
Bd2 Nbd7 16. Qc1 Kh7 17. h4 Nc5 18. h5 Bg7 19. Be3 Ng4 20. d4 Nxe3 21. Qxe3 Ne6
22. Rad1 Qf6 23. dxe5 dxe5 24. Bb3 Nf4 25. Rd7 Re7 26. Red1 Bc6 27. R7d2 a5 28.
a3 a4 29. Ba2 Rae8 30. Qc5 Nxh5 31. Nxh5 gxh5 32. Qe3 Qf4 33. Qxf4 exf4 34. Bd5
Bxd5 35. exd5 Rd7 36. Kf1 Bf8 37. Ne1 h4 38. Nf3 h3 39. gxh3 Bc5 40. Re2 Red8
41. Re4 Rxd5 42. Rxd5 Rxd5 43. Rxf4 Kg7 44. Ke2 Bd6 45. Rd4 Rh5 46. h4 Kf6 47.
Kd3 Rf5 48. Ke2 Ke7 49. Re4+ Kd7 50. Nd4 Rh5 51. Kf3 c6 52. Ne2 Rf5+ 53. Kg2
Rd5 54. Rd4 Ke6 55. Kf3 Be5 56. Re4 f5 57. Re3 Kf6 58. Nf4 Rd2 59. Nh5+ Ke6 60.
Nf4+ Kd6 61. Rd3+ Rxd3+ 62. Nxd3 Bf6 63. h5 Bg5 64. Nf4 Ke5 65. Nd3+ Kd5 66.
Ke2 Kc4 67. f4 Bf6 68. Kd2 Kd5 69. Ke3 Be7 70. Ne5 Bc5+ 71. Kd3 Bd6 72. Ng6 c5
73. Ke3 Kc4 74. Nh4 Kb3 75. Nxf5 Bf8 76. Nh4 Kxb2 77. Ng6 Bg7 78. Kd3 Bxc3 79.
Ne5 Kb3 80. Nd7 Bd4 81. f5 b4 82. f6 bxa3 83. f7 Bg7 84. Nxc5+ Kb4 85. Na6+ Ka5
0-1

[Event "FIDE Open World Blitz 2021"]
[Site "Warsaw"]
[Date "2021.12.29"]
[Round "6.20"]
[White "Elier, Ali"]
[Black "Gajewski, Grzegorz"]
[Result "1-0"]
[WhiteElo "2194"]
[BlackElo "2589"]
[Annotator "ChessBase"]
[PlyCount "63"]
[EventDate "2021.12.29"]
[EventType "swiss"]
[EventCountry "POL"]
[Tiebreak "Cut1 Buchholz"]
[SourceTitle "playchess.com"]
[Source "ChessBase"]
[SourceQuality "1"]

1. e4 c5 2. d4 cxd4 3. c3 dxc3 4. Nxc3 Nc6 5. Nf3 e6 6. Bc4 a6 7. O-O Nge7 8.
Bg5 f6 9. Be3 b5 10. Bb3 Ng6 11. Nd5 Rb8 12. Re1 Be7 13. Rc1 O-O 14. Nxe7+
Ncxe7 15. Qd6 Bb7 16. Rc7 Bc6 17. Nd4 Rb7 18. Nxc6 Qxc7 19. Nxe7+ Nxe7 20. Qxe7
Rf7 21. Qe8+ Rf8 22. Qe7 Rf7 23. Qe8+ Rf8 24. Qe7 Qe5 25. Bc5 Rc8 26. Bd6 Qxe4
27. Kf1 Qd3+ 28. Kg1 Qe2 29. Rf1 h5 30. h3 Kh7 31. Qf7 Qe4 32. Qxh5+ 1-0

[Event "FIDE Open World Blitz 2021"]
[Site "Warsaw"]
[Date "2021.12.29"]
[Round "6.21"]
[White "Movsesian, Sergei"]
[Black "Faizrakhmanov, Ramil"]
[Result "1-0"]
[WhiteElo "2615"]
[BlackElo "2396"]
[Annotator "ChessBase"]
[PlyCount "43"]
[EventDate "2021.12.29"]
[EventType "swiss"]
[EventCountry "POL"]
[Tiebreak "Cut1 Buchholz"]
[SourceTitle "playchess.com"]
[Source "ChessBase"]
[SourceQuality "1"]

1. e4 c6 2. d4 d5 3. e5 Bf5 4. Nd2 e6 5. Nb3 Nd7 6. Nf3 c5 7. dxc5 Bxc5 8. Nxc5
Nxc5 9. Be2 Ne7 10. O-O O-O 11. Nd4 Bg6 12. Be3 Nd7 13. f4 Nf5 14. Nxf5 Bxf5
15. c3 Be4 16. a4 a6 17. a5 Rc8 18. Qb3 Qc7 19. Qb4 Nb8 20. Bb6 Qd7 21. Rad1
Nc6 22. Qxe4 1-0

[Event "FIDE Open World Blitz 2021"]
[Site "Warsaw"]
[Date "2021.12.29"]
[Round "6.21"]
[White "Halkias, Stelios"]
[Black "Kanarek, Marcel"]
[Result "0-1"]
[WhiteElo "2575"]
[BlackElo "2342"]
[Annotator "ChessBase"]
[PlyCount "148"]
[EventDate "2021.12.29"]
[EventType "swiss"]
[EventCountry "POL"]
[Tiebreak "Cut1 Buchholz"]
[SourceTitle "playchess.com"]
[Source "ChessBase"]
[SourceQuality "1"]

1. Nf3 g6 2. d4 Nf6 3. g3 Bg7 4. Bg2 O-O 5. O-O c6 6. c4 d6 7. Nc3 Qa5 8. h3 e5
9. e4 Nbd7 10. d5 cxd5 11. cxd5 b5 12. Re1 b4 13. Na4 Ba6 14. b3 Bb5 15. Nd2
Bxa4 16. bxa4 Nc5 17. Nc4 Qa6 18. Bf1 Nfxe4 19. Be3 Qxa4 20. Bxc5 Qxd1 21.
Raxd1 Nxc5 22. Nxd6 Rfd8 23. Nc4 e4 24. d6 a5 25. Rd5 Nd3 26. Rxe4 Nc1 27. Rd2
a4 28. d7 b3 29. axb3 a3 30. Nxa3 Bf8 31. Nc4 Nxb3 32. Rd5 Nc5 33. Red4 Ra7 34.
Ne5 Rc7 35. Bb5 f6 36. Nc6 Rdxd7 37. Rxd7 Rxd7 38. Rc4 Rd1+ 39. Kg2 Rb1 40. Nd4
Rd1 41. Bc6 Rd2 42. Nf3 Rb2 43. Rd4 Be7 44. h4 Kf8 45. Bd5 h5 46. Bc4 Rb4 47.
Nd2 Rb2 48. Nf3 Kg7 49. Rd1 Ne4 50. Re1 f5 51. Be2 Bb4 52. Rc1 Rxe2 53. Rc7+
Kf6 54. Rc6+ Ke7 55. Ng5 Nxg5 56. hxg5 Bd6 57. Rb6 Re6 58. Rb7+ Kf8 59. Ra7 Re7
60. Ra6 Rd7 61. Rc6 Ke7 62. Kf3 Rc7 63. Rb6 Rc3+ 64. Kg2 Rd3 65. Ra6 Ke6 66.
Kf1 Rd2 67. Ke1 Rb2 68. Ra8 Bc5 69. Ra6+ Bb6 70. f4 Kf7 71. Kd1 Bf2 72. Rf6+
Kg7 73. Kc1 Rb3 74. Kd2 Bxg3 0-1

[Event "FIDE Open World Blitz 2021"]
[Site "Warsaw"]
[Date "2021.12.29"]
[Round "6.22"]
[White "Vachier-Lagrave, Maxime"]
[Black "Dudin, Gleb"]
[Result "1-0"]
[WhiteElo "2766"]
[BlackElo "2339"]
[Annotator "ChessBase"]
[PlyCount "59"]
[EventDate "2021.12.29"]
[EventType "swiss"]
[EventCountry "POL"]
[Tiebreak "Cut1 Buchholz"]
[SourceTitle "playchess.com"]
[Source "ChessBase"]
[SourceQuality "1"]

1. e4 e5 2. Nf3 Nc6 3. Bb5 a6 4. Ba4 Nf6 5. O-O b5 6. Bb3 Bc5 7. c3 d6 8. d4
Bb6 9. Be3 O-O 10. Nbd2 Rb8 11. Re1 h6 12. h3 Re8 13. a4 exd4 14. cxd4 Nb4 15.
a5 Ba7 16. d5 Bxe3 17. Rxe3 c5 18. dxc6 Nxc6 19. Rd3 Nb4 20. Rc3 Bb7 21. Bxf7+
Kxf7 22. Qb3+ Nbd5 23. Rd3 Qd7 24. exd5 Qf5 25. Nd4 Qxd5 26. Nxb5 Qxb3 27.
Nxd6+ Ke6 28. Nxb3 Red8 29. Nc5+ Ke7 30. Re1+ 1-0

[Event "FIDE Open World Blitz 2021"]
[Site "Warsaw"]
[Date "2021.12.29"]
[Round "6.22"]
[White "Kolosowski, Mateusz"]
[Black "Mikhalevski, Victor"]
[Result "0-1"]
[WhiteElo "2444"]
[BlackElo "2577"]
[Annotator "ChessBase"]
[PlyCount "118"]
[EventDate "2021.12.29"]
[EventType "swiss"]
[EventCountry "POL"]
[Tiebreak "Cut1 Buchholz"]
[SourceTitle "playchess.com"]
[Source "ChessBase"]
[SourceQuality "1"]

1. d4 Nf6 2. Nf3 g6 3. e3 Bg7 4. c4 O-O 5. Be2 c5 6. d5 e6 7. Nc3 exd5 8. cxd5
d6 9. O-O Na6 10. Nd2 Nc7 11. e4 Re8 12. a4 b6 13. Re1 a6 14. Bf1 Rb8 15. Rb1
b5 16. axb5 axb5 17. b4 Ng4 18. Qf3 cxb4 19. Ne2 Na6 20. Bb2 Ne5 21. Qg3 Nc5
22. Nd4 Bd7 23. f3 Na4 24. Ba1 Nc3 25. Rxb4 Na2 26. Rbb1 Qa5 27. Qf2 b4 28.
N2b3 Qa7 29. Nc2 Qxf2+ 30. Kxf2 Rec8 31. Ncd4 Nc3 32. Rbc1 Ra8 33. Rc2 Ra3 34.
Rec1 f5 35. Bxc3 bxc3 36. Rxc3 Rxc3 37. Rxc3 fxe4 38. Rc7 exf3 39. gxf3 Ra2+
40. Ke3 Bh6+ 41. f4 Rxh2 42. Ke4 Rh4 43. Ne2 Bf5+ 44. Ke3 Rh1 45. Bg2 Rd1 46.
Kf2 Ng4+ 47. Kg3 Rd3+ 48. Kh4 Bg7 49. Rxg7+ Kxg7 50. Nbd4 Nf6 51. Nxf5+ gxf5
52. Ng3 Kg6 53. Bh3 Rxd5 54. Bg2 Rd4 55. Ne2 Rd2 56. Bf3 Ne4 57. Bh5+ Kf6 58.
Bf3 Rd3 59. Bg2 d5 0-1

[Event "FIDE Open World Blitz 2021"]
[Site "Warsaw"]
[Date "2021.12.29"]
[Round "6.23"]
[White "Indjic, Aleksandar"]
[Black "Firouzja, Alireza"]
[Result "1-0"]
[WhiteElo "2603"]
[BlackElo "2770"]
[Annotator "ChessBase"]
[PlyCount "75"]
[EventDate "2021.12.29"]
[EventType "swiss"]
[EventCountry "POL"]
[Tiebreak "Cut1 Buchholz"]
[SourceTitle "playchess.com"]
[Source "ChessBase"]
[SourceQuality "1"]

1. d4 Nf6 2. c4 g6 3. Nc3 Bg7 4. Nf3 O-O 5. e4 d6 6. Be2 e5 7. O-O Nc6 8. d5
Ne7 9. Bg5 h6 10. Bxf6 Bxf6 11. b4 Bg7 12. Nd2 f5 13. c5 Kh8 14. a4 Ng8 15. Nc4
Nf6 16. Bd3 Rf7 17. a5 Bf8 18. b5 fxe4 19. Bxe4 Bf5 20. Bxf5 gxf5 21. b6 dxc5
22. Nxe5 Rg7 23. Qf3 Qc8 24. bxc7 Bd6 25. Nc4 Qxc7 26. g3 Qd7 27. Rae1 Rf8 28.
Re6 Bb8 29. Rfe1 Nh7 30. d6 Qf7 31. Nd5 Ng5 32. Rxh6+ Rh7 33. Qc3+ Qg7 34.
Rxh7+ Nxh7 35. Qxg7+ Kxg7 36. Re7+ Kg6 37. Rxb7 Rd8 38. Ne7+ 1-0

[Event "FIDE Open World Blitz 2021"]
[Site "Warsaw"]
[Date "2021.12.29"]
[Round "6.23"]
[White "Aditya, Mittal"]
[Black "Corrales Jimenez, Fidel"]
[Result "0-1"]
[WhiteElo "2245"]
[BlackElo "2523"]
[Annotator "ChessBase"]
[PlyCount "96"]
[EventDate "2021.12.29"]
[EventType "swiss"]
[EventCountry "POL"]
[Tiebreak "Cut1 Buchholz"]
[SourceTitle "playchess.com"]
[Source "ChessBase"]
[SourceQuality "1"]

1. d4 Nf6 2. c4 g6 3. Nc3 d5 4. Nf3 Bg7 5. h4 h6 6. cxd5 Nxd5 7. Bd2 Nb6 8. Bf4
O-O 9. e3 c5 10. dxc5 N6d7 11. Rc1 Nc6 12. Bb5 Nxc5 13. O-O Bd7 14. Qe2 a6 15.
Bxc6 Bxc6 16. Rfd1 Qb6 17. Nd5 Bxd5 18. Rxd5 Ne4 19. Be5 Rac8 20. Rcd1 Nf6 21.
R5d3 Rc6 22. Rb3 Qa7 23. Nd4 Rcc8 24. Qf3 b5 25. Nc6 Qb7 26. Rc3 Kh7 27. Rdc1
b4 28. Rc4 Qd7 29. b3 a5 30. g4 Qe6 31. Ba1 Ra8 32. h5 gxh5 33. gxh5 Rg8 34.
Kf1 Bh8 35. Nd4 Qd5 36. Qxd5 Nxd5 37. Rc5 e6 38. Ke2 a4 39. Kf3 axb3 40. axb3
Rg5 41. e4 Rxa1 42. Nxe6 fxe6 43. Rxa1 Bxa1 44. exd5 Rxd5 45. Rc7+ Bg7 46. Rb7
Rd3+ 47. Ke4 Rxb3 48. f4 Rb1 0-1

[Event "FIDE Open World Blitz 2021"]
[Site "Warsaw"]
[Date "2021.12.29"]
[Round "6.24"]
[White "Antipov, Mikhail Al."]
[Black "Korobov, Anton"]
[Result "1-0"]
[WhiteElo "2587"]
[BlackElo "2684"]
[Annotator "ChessBase"]
[PlyCount "107"]
[EventDate "2021.12.29"]
[EventType "swiss"]
[EventCountry "POL"]
[Tiebreak "Cut1 Buchholz"]
[SourceTitle "playchess.com"]
[Source "ChessBase"]
[SourceQuality "1"]

1. e4 c5 2. Nf3 d6 3. d4 cxd4 4. Nxd4 Nf6 5. Nc3 a6 6. Be3 e6 7. a3 Nbd7 8. g4
h6 9. h4 b5 10. Bg2 Ne5 11. g5 hxg5 12. hxg5 Rxh1+ 13. Bxh1 Nfg4 14. Bc1 Qb6
15. f3 Nc6 16. Nce2 Nge5 17. b3 Nxd4 18. Qxd4 Qxd4 19. Nxd4 Bb7 20. Be3 Be7 21.
O-O-O d5 22. exd5 Bxa3+ 23. Kb1 Bxd5 24. f4 Ng4 25. Bxd5 Nxe3 26. Bc6+ Ke7 27.
Rd3 Rd8 28. Bb7 Ke8 29. Bc6+ Ke7 30. Bb7 Ke8 31. Bxa6 Nd5 32. Bxb5+ Kf8 33. Rh3
Kg8 34. Ne2 Bd6 35. Rd3 g6 36. Bc4 Nb4 37. Rd2 Kf8 38. c3 Nc6 39. Kc2 Ke7 40.
b4 Rc8 41. Kb3 Rb8 42. Bd3 e5 43. fxe5 Nxe5 44. Be4 Nd7 45. Kc2 Rc8 46. Nd4 Ne5
47. Kb3 f5 48. gxf6+ Kxf6 49. Rf2+ Ke7 50. Rg2 Kf6 51. Nf3 Nxf3 52. Rxg6+ Ke7
53. Bxf3 Rb8 54. Rg4 1-0

[Event "FIDE Open World Blitz 2021"]
[Site "Warsaw"]
[Date "2021.12.29"]
[Round "6.24"]
[White "Berchtenbreiter, Maximilian"]
[Black "Samunenkov, Ihor"]
[Result "0-1"]
[WhiteElo "2506"]
[BlackElo "2348"]
[Annotator "ChessBase"]
[PlyCount "94"]
[EventDate "2021.12.29"]
[EventType "swiss"]
[EventCountry "POL"]
[Tiebreak "Cut1 Buchholz"]
[SourceTitle "playchess.com"]
[Source "ChessBase"]
[SourceQuality "1"]

1. e4 c5 2. Nf3 Nc6 3. d4 cxd4 4. Nxd4 g6 5. g3 Bg7 6. Ne2 d6 7. Bg2 Nf6 8. c4
O-O 9. Nbc3 Bd7 10. O-O Rc8 11. b3 a6 12. Bb2 Bg4 13. h3 Bxe2 14. Qxe2 Nd4 15.
Qd2 Nd7 16. Nd5 Ne6 17. Bxg7 Nxg7 18. Rfc1 Ne6 19. Qe3 Ne5 20. a4 Nc6 21. b4
Ncd4 22. a5 Nc6 23. f4 Ned4 24. Rab1 e5 25. Rf1 f6 26. Rf2 Ne7 27. Nb6 Rc7 28.
Rbf1 Nc8 29. Nd5 Rcf7 30. h4 Ne7 31. Bh3 Nxd5 32. cxd5 Qe7 33. Kg2 Kg7 34. h5
Re8 35. hxg6 hxg6 36. f5 g5 37. Bg4 Rh8 38. Rh1 Rff8 39. Bh5 Rc8 40. g4 Nb5 41.
Rc1 Rxc1 42. Qxc1 Nd4 43. Rd2 Nb3 44. Qc2 Nxd2 45. Qxd2 Qc7 46. Qf2 Rc8 47. Bg6
Qc2 0-1